UEFA Euro 2024 - Les buteurs contre leur camp - Statistiques

Statistiques générales
  • Ce quiz a été pris 60 fois
  • Le résultat moyen est 3 sur 10
Statistiques - réponses
Buteur CSC Équipe du buteur CSC Équipe adverse Score final Type de match % Correct
Antonio Rüdiger Allemagne Écosse 5-1 Poule - J1
80%
Jan Vertonghen Belgique France 0-1 Huitième de finale
56%
Riccardo Calafiori Italie Espagne 0-1 Poule - J2
56%
Robin Le Normand Espagne Géorgie 4-1 Huitième de finale
50%
Maximilian Wöber Autriche France 0-1 Poule - J1
28%
Donyell Malen Pays-Bas Autriche 2-3 Poule - J3
22%
Mert Müldür Turquie Pays-Bas 1-2 Quart de finale
17%
Samet Akaydin Turquie Portugal 0-3 Poule - J2
15%
Klaus Gjasula Albanie Croatie 2-2 Poule - J2
11%
Robin Hranáč Tchéquie Portugal 1-2 Poule - J1
6%
Aucun quiz correspondant
Distribution des résultats
% des personnes avec chaque résultat
Percentile par nombre de réponses
Votre historique - résultats
Vous n’avez pas pris ce quiz